Vogel's textbook of practical organic chemistry including qualitative organic analysis (Record no. 78375)

MARC details
000 -LEADER
fixed length control field 01361nam a2200241 a 4500
008 - FIXED-LENGTH DATA ELEMENTS--GENERAL INFORMATION
fixed length control field 120416s1978 ||||||||||||||||| || u
020 ## - INTERNATIONAL STANDARD BOOK NUMBER
International Standard Book Number 0582407419
050 ## - LIBRARY OF CONGRESS CALL NUMBER
Classification number QD 251.2 Vog
100 ## - MAIN ENTRY--PERSONAL NAME
Personal name Furniss, B. S
245 10 - TITLE STATEMENT
Title Vogel's textbook of practical organic chemistry including qualitative organic analysis
250 ## - EDITION STATEMENT
Edition statement 4th ed.
260 ## - PUBLICATION, DISTRIBUTION, ETC. (IMPRINT)
Place of publication, distribution, etc Essex
Name of publisher, distributor, etc ELBS/Longman
Date of publication, distribution, etc 1978
300 ## - PHYSICAL DESCRIPTION
Extent xxxv,1371p. : ill.
350 ## -
-- 0.00
650 #0 - SUBJECT ADDED ENTRY--TOPICAL TERM
Topical term or geographic name as entry element CHEMISTRY--HANDBOOKS, MANUALS, ETC
650 #0 - SUBJECT ADDED ENTRY--TOPICAL TERM
Topical term or geographic name as entry element CHEMISTRY, ORGANIC
700 ## - ADDED ENTRY--PERSONAL NAME
Personal name Vogel, A. I
995 ## - RECOMMENDATION 995 [LOCAL, UNIMARC FRANCE]
-- 0.00
-- CBU-MAIN LIBRARY (Kitwe)
-- 3
-- 9.00
-- 3
-- AVAILABLE
-- Annex Low-Usage Collection
995 ## - RECOMMENDATION 995 [LOCAL, UNIMARC FRANCE]
-- 0.00
-- CBU-MAIN LIBRARY (Kitwe)
-- 4
-- 9.00
-- 4
-- AVAILABLE
-- Mar 9, 2007
-- Annex Low-Usage Collection
995 ## - RECOMMENDATION 995 [LOCAL, UNIMARC FRANCE]
-- 0.00
-- CBU-MAIN LIBRARY (Kitwe)
-- 2
-- 9.00
-- 2
-- AVAILABLE
-- Annex Low-Usage Collection
995 ## - RECOMMENDATION 995 [LOCAL, UNIMARC FRANCE]
-- 0.00
-- CBU-MAIN LIBRARY (Kitwe)
-- 1
-- 9.00
-- 1
-- AVAILABLE
-- Annex Low-Usage Collection
995 ## - RECOMMENDATION 995 [LOCAL, UNIMARC FRANCE]
-- 0.00
-- CBU-SCHOOL TEXTBOOK COLLECTIONS
-- 1
-- 0.00
-- 5
-- AVAILABLE
-- Jul 22, 2009
-- School Collections
Holdings
Withdrawn status Lost status Source of classification or shelving scheme Damaged status Not for loan Permanent Location Current Location Date acquired Full call number Barcode Date last seen Copy number Price effective from Koha item type Shelving location Total Checkouts
Withdrawn         CBU-MAIN LIBRARY, KITWE. CBU-MAIN LIBRARY, KITWE. 05/16/2023 QD 251.2 Vog 012877 05/16/2023 1 05/16/2023 MONOGRAPH    
Withdrawn         CBU-MAIN LIBRARY, KITWE. CBU-MAIN LIBRARY, KITWE. 05/16/2023 QD 251.2 Vog 012871 05/16/2023 2 05/16/2023 MONOGRAPH    
          CBU-MAIN LIBRARY, KITWE. CBU-MAIN LIBRARY, KITWE. 05/16/2023 QD 251.2 Vog 012876 05/16/2023 3 05/16/2023 MONOGRAPH    
Withdrawn         CBU-MAIN LIBRARY, KITWE. CBU-MAIN LIBRARY, KITWE. 05/16/2023 QD 251.2 Vog 012870 05/16/2023 4 05/16/2023 MONOGRAPH    
          CBU-SCHOOL TEXT BOOK COLLECTION CBU-SCHOOL TEXT BOOK COLLECTION 05/16/2023 SCHOOL TEXTBOOK 3159 05/16/2023 5 05/16/2023 MONOGRAPH